| 000 | 00961cam a2200289 a 4500 | ||
|---|---|---|---|
| 001 | 3129 | ||
| 005 | 20240208084348.0 | ||
| 020 | _a9780545117500 | ||
| 040 |
_aDLC _cDLC _dDLC _beng |
||
| 050 | 0 | 0 |
_aPZ7.C446265 _b 2007 |
| 082 | 0 | 0 | _a464 |
| 100 | 1 |
_aCholdenko, Gennifer _d1957- |
|
| 245 | 1 | 0 |
_aLouder, Lili / _cGennifer, Choldenko : illustrated by Schindler, S.D |
| 250 | _aFirst Scholastic printing , October 2008 | ||
| 260 |
_aNew York : _bScholastic ; _c2007 |
||
| 300 |
_a30 unnumbered pages : _bcolor illustrations ; _c23 cm. |
||
| 505 | _aK | ||
| 520 | _aLili is so shy that her voice is never heard in class until the day a good friend needs her help. | ||
| 521 |
_a520
_bLexile |
||
| 521 |
_aK
_bRaz-Plus |
||
| 650 | 1 |
_aBashfulness _vFiction. |
|
| 650 | 1 |
_aFriendship _vFiction. |
|
| 650 | 1 |
_aSchools _vFiction. |
|
| 700 | 1 |
_aSchindler, S. D _eillustrator |
|
| 906 |
_a7 _bcbc _corignew _d1 _eecip _f20 _gy-gencatlg |
||
| 942 |
_2ddc _cBK _n0 |
||
| 999 |
_c3129 _d3129 |
||